01645cam a22003011 450000100060000000300080000600500170001400800390003103500190007003500190008904000220010804100080013008200200013810000330015824501690019126000850036030000410044565000380048665000330052471000540055794200120061199900170062395201460064095201460078695201370093295201370106995201370120615087BD-RjUL20211208235740.0140209s1962 xx 000 0 eng a(BD-RjUL)15141 a(OCoLC)1077108 aDLCcOUdDLCbeng aeng a607.2bTEC 19621 aBright, James Rieser,94696210aTechnological planning on the corporate level :bproceedings of a conference /csponsored by the Associates if the Harvard Business School, September 8 and 9, 1961. aBoston :bHarvard University, Graduate School of Business Administration,c1962. a253 p. :bdiagrs., tables. ;c21 cm. 0aTechnological innovations.946963 0aResearch, Industrial.9469642 aAssociates of the Harvard Business School.946965 2ddccBK c15087d15087 00102ddc40708NFICaRUCLbRUCLcStackd1965-04-01eSweets & Zeitlingerg32.00l0o607.2 TEC 1962r2014-02-09 00:00:00tC-5w2014-02-09yBK 00102ddc40718NFICaRUCLbRUCLcReadingd1965-04-01eSwits & Zillingerg32.00l0o607.2 TEC 1962r2016-12-06 00:00:00tC-1w2016-12-06yBK 00102ddc40708NFICaRUCLbRUCLcStackd1964-06-03ezeitlingerg32.00l0o607.2 TEC 1962r2019-04-13 00:00:00tC-2w2019-04-13yBK 00102ddc40708NFICaRUCLbRUCLcStackd1964-06-03ezeitlingerg32.00l0o607.2 TEC 1962r2019-04-13 00:00:00tC-3w2021-12-08yBK 00102ddc40708NFICaRUCLbRUCLcStackd1964-06-03ezeitlingerg32.00l0o607.2 TEC 1962r2019-04-13 00:00:00tC-4w2021-12-08yBK